[Event "GER-chT U10"]
[Site "Magdeburg"]
[Date "2016.12.27"]
[Round "2.2"]
[White "Mueller Borghardt, Jakob"]
[Black "Lewkowicz, David"]
[Result "1-0"]
[WhiteElo "825"]
[BlackElo "600"]
[PlyCount "69"]
[EventDate "2016.12.27"]
[EventType "team-swiss"]
[EventRounds "7"]
[EventCountry "GER"]
[SourceTitle "EXT 2018"]
[Source "ChessBase"]
[SourceDate "2017.10.13"]
[SourceVersion "1"]
[SourceVersionDate "2017.10.13"]
[SourceQuality "1"]
[WhiteTeam "Stade II"]
[BlackTeam "Paderborn Blauer Springer"]
[WhiteTeamCountry "GER"]
[BlackTeamCountry "GER"]

1. d4 e5 2. dxe5 Bb4+ 3. Bd2 Be7 4. f4 Nh6 5. Nf3 0-0 6. e3 b6 7. Be2 Ba6 8. Bxa6 Nxa6 9. Qe2 c5 10. Qxa6 Qc8 11. Qe2 a5 12. b3 Qa6 13. Qxa6 Rxa6 14. 0-0 Ng4 15. h3 Nh6 16. g4 Bd8 17. Nc3 Bc7 18. Nb5 Bb8 19. Bc3 f6 20. exf6 gxf6 21. g5 Nf7 22. gxf6 Re8 23. Rf2 Rxe3 24. Rg2+ Kf8 25. Ng5 Nxg5 26. fxg5 a4 27. Bb2 axb3 28. cxb3 Ra5 29. Rf1 Rxb5 30. g6 hxg6 31. Rxg6 Kf7 32. Rg7+ Ke6 33. f7 Rxh3 34. Rf6+ Ke7 35. f8Q# 1-0